Profesijné kompetencie - základný predpoklad integračného procesu v oblasti ľudských zdrojov

Rozvoj ľudských zdrojov na Slovensku v súčasnej etape integračného procesu do Európskej únie. Nedostatky v oblasti ľudských zdrojov v slovenských podnikoch. Nová koncepcia rozvoja ľudských zdrojov. Teoreticko-metodologické východisko identifikácie profesijných kompetencií. Praktické postupy zisťovan...

ver descrição completa

Na minha lista:
Detalhes bibliográficos
Autor principal: Antalová, Mária, 1952-
Formato: Capítulo de Livro
Idioma:eslovaco
inglês
Assuntos:
Tags: Adicionar Tag
Sem tags, seja o primeiro a adicionar uma tag!

MARC

LEADER 00000naa a2200000 4500
001 r047013
005 20231002074751.1
041 0 |a slo 
041 0 |a eng 
044 |a SK 
245 1 0 |a Profesijné kompetencie - základný predpoklad integračného procesu v oblasti ľudských zdrojov  |c Mária Antalová 
520 |a Rozvoj ľudských zdrojov na Slovensku v súčasnej etape integračného procesu do Európskej únie. Nedostatky v oblasti ľudských zdrojov v slovenských podnikoch. Nová koncepcia rozvoja ľudských zdrojov. Teoreticko-metodologické východisko identifikácie profesijných kompetencií. Praktické postupy zisťovania profesijných kompetencií - prvý a druhý postup. 
610 2 0 |a povolania 
610 2 0 |a kompetencie 
610 2 0 |a zdroje ľudské 
610 2 0 |a integrácia ekonomická medzinárodná 
610 2 0 |a Európska únia 
610 2 0 |a Slovensko 
100 1 |a Antalová, Mária, 1952-